<The> Advertising Agency Business <The> Complete Manual for Management and Operation
Gespeichert in:
| 1. Verfasser: | |
|---|---|
| Format: | Buch |
| Sprache: | Englisch |
| Veröffentlicht: |
Lincolnwood
NTC Business Books
1990
|
| Ausgabe: | 1. ed. |
| Schlagworte: | |
| Tags: |
Keine Tags, Fügen Sie das erste Tag hinzu!
|
MARC
| LEADER | 00000nam a2200000 4500 | ||
|---|---|---|---|
| 001 | c001033 | ||
| 005 | 20221215113303.5 | ||
| 020 | |a 08442-3167-3 | ||
| 041 | 0 | |a eng | |
| 044 | |a US | ||
| 245 | 1 | 0 | |a <The> Advertising Agency Business |b <The> Complete Manual for Management and Operation |c Herbert S. Gardner |
| 250 | |a 1. ed. | ||
| 264 | 1 | |a Lincolnwood |b NTC Business Books |c 1990 | |
| 300 | |a 229 s. | ||
| 610 | 2 | 0 | |a reklama |
| 610 | 2 | 0 | |a podnik |
| 610 | 2 | 0 | |a manažment |
| 610 | 2 | 0 | |a financie podnikové |
| 610 | 2 | 0 | |a vlastníctvo |
| 610 | 2 | 0 | |a organizácia podniku |
| 610 | 2 | 0 | |a práca s verejnosťou |
| 610 | 2 | 0 | |a úspech pracovný |
| 610 | 2 | 0 | |a riadenie podnikové |
| 100 | 1 | |a Gardner, Herbert S. | |